La comunicación oral y su didáctica /
Guardado en:
| Autor Principal: | |
|---|---|
| Formato: | Libro |
| Publicado: |
Madrid :
La Muralla,
1997
|
| Materias: | |
| Etiquetas: |
Agregar Etiqueta
Sin Etiquetas, Sea el primero en etiquetar este registro!
|
| LEADER | 01278nam a22002415a 4500 | ||
|---|---|---|---|
| 001 | CEM.cems009605 | ||
| 005 | 20080821115747.0 | ||
| 008 | 130507s1997##################000#0#####d | ||
| 003 | CEMS | ||
| 020 | |a 8471336200 | ||
| 082 | 0 | 4 | |a 372.6 |
| 100 | 1 | |a Reyzábal, Ma. Victoria | |
| 245 | 1 | 0 | |a La comunicación oral y su didáctica / |c María Victoria Reyzábal |
| 260 | |a Madrid : |b La Muralla, |c 1997 | ||
| 300 | |a 429 p. | ||
| 500 | |a El capítulo dedicado a evaluación ha sido realizado en colaboración con María Antonia Casanovared Federal de Formación Docente Continua | ||
| 505 | 0 | |a Educación y comunicación oral -- La comunicación oral como eficaz agente educativo -- Usos y formas de la comunicación oral -- La oralización de textos escritos y la riqueza comunicativa de los códigos plurales -- El código oral y los medios técnicos de comunicación -- Tradición, literatura y fuentes orales -- Evaluación de la comunicación oral / María Antonia Casanova y María Victoria Reyzábal | |
| 653 | |a Educación | ||
| 653 | |a Comunicación oral | ||
| 653 | |a Didáctica de la comunicación | ||
| 653 | |a Literatura-fuentes orales | ||
| 859 | |a CEMS |b BIB. CEMS - 11 de abril |h 372.6 |i R339 |p 19801.98 |t Ej.1 | ||
| 859 | |a CEMS |b BIB. CEMS - 11 de abril |h 372.6 |i R339 |p 19802.98 |t Ej.2 | ||
